000 00532nam a22001697a 4500
999 _c16859
_d16859
003 AR-CdUCM
008 190506b ||||| |||| 00| 0 sap d
040 _aMUNICIPALIDAD PROVINCIAL DEL CUSCO
_cBIBLIOTECA MUNICIPAL DEL CUSCO
082 _a327.487 /
_bA37
100 _aAlexander, Robert J..
_911973
245 _aLa revolución democrática de Venezuela /
260 _aColombia :
_bAlbon.Interprint,
_c1967.
300 _a425 páginas ;
_c19 cm.
650 _aVenezuela.
_92312
942 _2ddc
_cLIBROS
945 _arum
_d2019-05-06